000 00749nas a2200241 4500
001 BR9704873
003 BR-BrBNA
005 20231205100553.0
007 ta
008 230509b bl.|||p| |||| 00| 00por d
040 _aBR-BrBNA
_bpor
_cBiblioteca Nacional de Agricultura
041 _a(En)
072 _aL40
100 1 _aEstecondo, S.
100 1 _aCodon, S.M.
100 1 _aCasanave, E.B.
245 1 _aHistological study of the digestive tract of Dasypus hibridus and zaedyus pichyi (Mammalia, Dasypodidae)
650 _aTatu
650 _aAparelho Digestivo
773 0 _tIheringia. Serie Zoologia (Brazil)
_xISSN 0073-4721
_g((ct 1996), no. 81 p. 7-12
_wBR9704873
909 _a202311
_bLúcia
_c55
_dLúcia Elande
942 _2AGRIS
_n0
_cANA
999 _c156756
_d156756